00809nam a22002057a 4500008004100000020001800041050002100059100002900080245007000109260003500179300001800214336001000232337001400242338001200256500002300268504004100291505020900332650003100541650003100572120626t19992008mx 000 0 spa d a9789684763104 4aJC571 bB48 19991 aBeuchot, Mauricioeautor1 aDerechos Humanosb : Historia y filosofía c / Mauricio Beuchot aMéxicob : Fontamarac, 2008 a165 páginas atexto asin medio avolumen areimpresión 2008 aIncluye: bibliografía (pp.159-165) aSobre la teoría de los derechos humanos El iusnaturalismo y la teoría de los derechos humanos en la Historia de México La práctica de la defensa de los derechos humanos en la Historia de México10aDERECHOS HUMANOSxHISTORIA20aDERECHOS HUMANOSxTEORÍA